000 00733nam a22002177a 4500
999 _c20528
_d20528
005 20191029045055.0
008 191029b xxu||||| |||| 00| 0 spa d
040 _aCO-BoIAVH
_cCO-BoIAVH
041 _aeng
044 _agx
082 _a333.9507
_bSa29c
100 _aSakiyama, Melina
_eAutor
245 _aCBD in a Nutshell:
_bA Guidebook to the CBD Process.
260 _aBerlin:
_bGlobal Youth Biodiversity Network,
_c2016.
300 _a201 Páginas:
_bilustraciones y fotografías,
_c21 x 15 cm.
650 0 _aGuía informativa
650 0 _aConservación de los recursos naturales
650 0 _aBiodiversidad biológica.
700 _aSchwarzer, Chistian
_eAutor
942 _2ddc
_cLIBRO